Представление документа в формате RUSMARC

ПолеНазваниеЗначение
  Тип записи a
  Библиографический уровень m
001 Контрольный номер RU/ГПНТБ России/IBIS/84(4Фин)/К 91-726746110
005 Дата корректировки 20260429101312.8
010 Индекс ISBN __
a ISBN 978-5-9268-4689-5
b Уточнения в пер.
9 Тираж 3000
100 Данные общей обработки __
a Данные общей обработки 20260429d2025 d y0rusy0250 ca
101 Язык документа 1_
a Язык текста rus
c Язык оригинала fin
102 Страна публикации __
a Страна публикации RU
105 Кодированные данные (монография) __
a Кодированные данные (монография) a zzz 000ay
181 Поле кодированных данных: вид содержания _0
a Код вида содержания (ISBD) i
182 Поле кодированных данных: тип средства _0
a Код типа средства (ISBD) n
200 Заглавие и сведения об ответственности 1_
a Заглавие Домовые
e Сведения, относящиеся к заглавию [для детей среднего школьного возраста]
f Первые сведения об ответственности придумал и нарисовал Маури Куннас
g Последующие сведения об ответственности перевод с финского Евгении Тиновицкой
g Последующие сведения об ответственности [рисунки автора]
203 Вид содержания и тип средства __
c Тип средства непосредственный
a Вид содержания Текст
210 Выходные данные 1_
a Место издания Санкт-Петербург
a Место издания Москва
c Издательство Речь
d Дата издания 2025
215 Физическое описание __
a Объем 44, [4] с.
c Иллюстрации/тип воспроизводства цв. ил.
d Формат 24х30 см
333 Примечание о целевом назначении __
a Примечание о целевом назначении информационная продукция для детей, достигших возраста шести лет
333 Примечание о целевом назначении __
a Примечание о целевом назначении Для учащихся 5-9 классов
454 Оригинал _0
1 700 1
a Kunnas
g Mauri
1 2001
a The Book of Finnish Elves
f Mauri Kunnas
606 Тематические рубрики __
a Основная рубрика Финская литература (Х.Л.)
x Основная подрубрика Проза
z Хронологическая подрубрика 20 - 21 вв.
j Формальный подзаголовок Издания для детей
2 Код системы nlr_sh
606 Тематические рубрики __
a Основная рубрика Сказки финские
z Хронологическая подрубрика 20 - 21 вв.
j Формальный подзаголовок Издания для детей
2 Код системы nlr_sh
610 Ключевые слова 1_
a Ключевые слова детская литература
610 Ключевые слова 1_
a Ключевые слова издания для детей
610 Ключевые слова 1_
a Ключевые слова домовые
610 Ключевые слова 1_
a Ключевые слова удивительные истории
610 Ключевые слова 1_
a Ключевые слова приключения
686 Индексы других классификаций __
2 Код системы rubbk
a Классификационный индекс 84(4Фин)-4
700 Автор _1
a Фамилия Куннас
b Имя М. Т.
g Полное личное имя Маури Тапио
f Даты 1950-
3 Контрольный № нормативной записи RU\NLR\AUTH\7772814
4 Код отношения 070
4 Код отношения 440
702 Вторичная интеллектуальная ответственность _1
a Фамилия Тиновицкая
b Имя Е. К.
g Полное личное имя Евгения Константиновна
f Даты 1981-
4 Код отношения 730
801 Источник записи _0
b Организация ГПНТБ России
a Страна RU
c Дата составления 20260429
801 Источник записи _1
b Организация ГПНТБ России
a Страна RU
c Дата составления 20260429
852 Данные о местонахождении 5_
a Наименование организации ГПНТБ России
m Суффикс шифра хранения 1112904
b Сигла хранения ЦГБ
j Шифр хранения 84(4Фин)
p Инвентарный номер RU
899 Данные о местонахождении __
a Местонахождение ГПНТБ России
p Штрих-код 1112904
b Место хранения ЦГБ
h Классификационная часть РШ 84(4Фин)-4
i Авторский знак К 91
901 Тип документа __
a Ответственный заим.